000 00489nam a2200181Ia 4500
005 20250326125149.0
008 250326s9999 xx 000 0 und d
037 _aTextbook
040 _aFMSL
_beng
_cFMSL
041 _aeng
_2eng
084 _aX:97 J8
_qFMSL
100 _aCopeman G
_9737783
245 0 _aChallenge of employee shareholding
_cCopeman G
260 _aLondon
_bLondon, Business
_c1958
300 _a199p
942 _cTB
_hX:97 J8
999 _c1276815
_d1276815